Umíte to s pohádkou? : práce s příběhy v MŠ a ZŠ / Sylvie Doláková
Record details
- ISBN: 978-80-262-0933-1
- Physical Description: 119 stran : ilustrace
- Edition: Vydání první
- Publisher: Praha : Portál, 2015
Content descriptions
| Bibliography, etc. Note: | Obsahuje bibliografii |
Search for related items by subject
| Subject: | mateřské školy základní školy pohádky > pedagogické aspekty aktivizační metody ve výuce didaktické hry |
| Genre: | příručky |
Available copies
- 1 of 1 copy available at Common Catalog SPOK.
Holds
- 0 current holds with 1 total copy.
Show Only Available Copies
| Location | Call Number / Copy Notes | Barcode | Shelving Location | Status | Due Date |
|---|---|---|---|---|---|
| Jabok Library | Ped-3.5.1/D | 424480036809 | Odborná literatura | Available | - |
| LDR | 01429nam a2200421 i 4500 | ||
|---|---|---|---|
| 001 | 23527 | ||
| 003 | CZ-PrJAB | ||
| 005 | 20151202145052.0 | ||
| 008 | 151109s2015 xr a f |||| 0 cze d | ||
| 020 | . | ‡a978-80-262-0933-1 ‡q(brožováno) | |
| 035 | . | ‡a(CZ PrCU)002036057 | |
| 040 | . | ‡aABD005 ‡bcze ‡erda | |
| 072 | 7. | ‡a373.2/.3 ‡xPředškolní a primární výchova a vzdělávání ‡2Konspekt ‡922 | |
| 080 | . | ‡a373.24 ‡2MRF | |
| 080 | . | ‡a373.3 ‡2MRF | |
| 080 | . | ‡a82-34 ‡2MRF | |
| 080 | . | ‡a37 ‡2MRF | |
| 080 | . | ‡a371.314.6 ‡2MRF | |
| 080 | . | ‡a371.382 ‡2MRF | |
| 080 | . | ‡a(035) ‡2MRF | |
| 100 | 1 | . | ‡aDoláková, Sylvie ‡7mzk2006363604 ‡4aut |
| 245 | 1 | 0. | ‡aUmíte to s pohádkou? : ‡bpráce s příběhy v MŠ a ZŠ / ‡cSylvie Doláková |
| 250 | . | ‡aVydání první | |
| 264 | 1. | ‡aPraha : ‡bPortál, ‡c2015 | |
| 300 | . | ‡a119 stran : ‡bilustrace | |
| 336 | . | ‡atext ‡btxt ‡2rdacontent | |
| 337 | . | ‡abez média ‡bn ‡2rdamedia | |
| 338 | . | ‡asvazek ‡bnc ‡2rdacarrier | |
| 504 | . | ‡aObsahuje bibliografii | |
| 650 | 0 | 7. | ‡amateřské školy ‡7ph122683 ‡2czenas |
| 650 | 0 | 7. | ‡azákladní školy ‡7ph116795 ‡2czenas |
| 650 | 0 | 7. | ‡apohádky ‡7ph124208 ‡xpedagogické aspekty ‡2czenas |
| 650 | 0 | 7. | ‡aaktivizační metody ve výuce ‡7ph446679 ‡2czenas |
| 650 | 0 | 7. | ‡adidaktické hry ‡7ph119432 ‡2czenas |
| 655 | 7. | ‡apříručky ‡7fd133209 ‡2czenas | |
| 910 | . | ‡aABG312 | |
| 901 | . | ‡a23527 ‡b ‡c23527 ‡tbiblio | |